000 00541nam a2200181Ia 4500
003 GCL
008 140319s9999 xx 000 0 ara d
040 _aGCL /
_cGCL
082 0 4 _a928.1
_bع م
100 1 _aعمر الدسوقى
245 1 0 _aمحمود سامى البارودى /
_cعمر الدسوقى
260 _a[S.N] :
_bدار المعارف ،
_c1993
300 _a118 ص
490 _aنوابغ الفكر العربى
_v0
650 0 4 _aالادباء
650 0 4 _aمحمود سامى البارودى
942 _2ddc
_cBK
999 _c27500
_d27500